000 00718nam a2200217Ia 4500
003 GCL
008 140319s9999 xx 000 0 ara d
020 _a4318287977
040 _aGCL /
_cGCL
082 0 4 _a665.1
_bم ت
100 1 _aمحمد احمد خليل
245 1 0 _aتصنيع المواد الشمعية /
_cمحمد احمد خليل
260 _aالقاهرة :
_bدار الكتب العلمية للنشر والتوزيع ،
_c2003
300 _a264 ص ؛
_c25 سم
650 0 4 _aالشمع - صناعة
650 0 4 _aالنماذج الشمعية
650 0 4 _aالشمع الحيوانى
650 0 4 _aالشمع المعدنى
650 0 4 _aالشمع النباتى
942 _2ddc
_cBK
999 _c51128
_d51128